000 00454nam a22001697a 4500
005 20241001142727.0
008 241001b |||||||| |||| 00| 0 eng d
020 _a0751364479
082 _a613.2
_bVUK-N
100 _aVukovic Laurel
245 _a1001 Natural Remedies :
_bRecipes for Health Beauty home pet care /
260 _aGermany
_bgrat british
_c2003
300 _a192p.
_bill;
_c24cm.
650 _aart and design
999 _c36597
_d36597